Umineko characters - Statistics

General Stats
  • This quiz has been taken 120 times
  • The average score is 29 of 36
Answer Stats
Hint Answer % Correct
Main character, third grandchild Battler Ushiromiya
97%
Golden Witch Beatrice
93%
Head of the Ushiromiya family Kinzo Ushiromiya
93%
Son of the above two, eldest grandchild George Ushiromiya
91%
Male servant, recently arrived Kanon
91%
Daughter of the above, believes in witches Maria Ushiromiya
91%
Female servant, loves eldest grandchild Shannon
91%
Main character's sister Ange Ushiromiya
90%
Witch of Miracles Bernkastel
90%
Head's 2nd child, adopts Ange Eva Ushiromiya
90%
Daughter of the above two, sings in a band Jessica Ushiromiya
90%
Wife of the above, master of chessboard thinking Kyrie Ushiromiya
88%
Wife of the above Natsuhi Ushiromiya
88%
Detective, intellectual rapist Erika Furudo
86%
Witch of Certainty Lambdadelta
86%
Head's 4th child Rosa Ushiromiya
84%
Witch of Theatergoing Featherine
83%
Head's successor from an alternate fragment Lion Ushiromiya
81%
Butler demon Ronove
81%
Head's 3rd child, main character's father Rudolf Ushiromiya
81%
Head's 1st child Krauss Ushiromiya
79%
Head's butler Genji Ronoue
78%
Husband of the above Hideyoshi Ushiromiya
78%
Master's doctor Terumasa Nanjo
78%
Former Golden Witch Virgilia
76%
SSVD Chief Inquisitor Willard H.Wright
76%
Portal-creating demon Gaap
74%
Cook Toshiro Gohda
72%
Mackerel-obsessed elderly servant Chiyo Kumasawa
71%
Youngest grandchild's lion toy Sakutaro
69%
Inquisitor of Heresy Dlanor A.Knox
66%
Bunny demons Chiester sisters
60%
Golden Witch's weapons Seven Stakes of Purgatory
60%
Demons of love Zepar and Furfur
60%
Writer Ikuko Hachijo
59%
Narrator Clair Vaux Bernardus
48%
No matching quizzes found
Score Distribution
Percent of People with Each Score
Percentile by Number Answered
Your Score History
You have not taken this quiz